000 00474nam a2200157 i 4500
001 bg
100 1 _aDZIEWOLSKI, Ludwik
245 0 _aWskazówki metodyczne do projektowania systemu zarządzania przedsiębiorstwem budowlano-montażowym /
_cLudwik Dziewolski, Marian Ziółkowski.
260 _aWarszawa,
_c1977.
700 1 _aZIÓŁKOWSKI, Marian
040 _cBPK
041 _apol
080 _a658:69.015
942 _cKS
008 s pl f |000 0 pol
999 _c18251
_d18251
856 _uhttp://koha.tu.koszalin.pl/cgi-bin/koha/opac-detail.pl?biblionumber=18251
_yKatalog online BPK